| 000 | 00362nam a22001337a 4500 | ||
|---|---|---|---|
| 020 | _a9780198768432 | ||
| 082 |
_a346.4204 _bBLA |
||
| 245 |
_aBlackstone's Statutes on Property Law 2016-2017 / _cEdited by Meryl Thomas |
||
| 250 | _a24th Edition. | ||
| 260 |
_aOxford: _bOxford University Press, _c2016. |
||
| 300 | _a414 p. | ||
| 563 | _aPB. | ||
| 942 |
_2ddc _cBK |
||
| 999 |
_c613784 _d613784 |
||